[Event "Olympiad-33"]
[Site "Elista"]
[Date "1998.10.07"]
[Round "9.1"]
[White "Azmaiparashvili, Zurab"]
[Black "Stefansson, Hannes"]
[Result "1-0"]
[WhiteElo "2655"]
[BlackElo "2535"]
[Annotator "Atlas,V"]
[PlyCount "69"]
[EventDate "1998.09.29"]
[EventType "team-swiss"]
[EventRounds "13"]
[EventCountry "RUS"]
[SourceTitle "CBM 068"]
[Source "ChessBase"]
[SourceDate "1999.02.01"]
[SourceVersion "1"]
[SourceVersionDate "1999.02.01"]
[SourceQuality "1"]
[WhiteTeam "Georgia"]
[BlackTeam "Iceland"]
[WhiteTeamCountry "GEO"]
[BlackTeamCountry "ISL"]

{[%mdl 4]} 1. d4 Nf6 2. c4 e6 3. Nf3 b6 4. Nc3 Bb7 5. a3 d5 6. Bg5 Be7 7. Qa4+
Bc6 8. Qc2 dxc4 9. e3 (9. e4 b5 10. Ne5 a6 11. O-O-O O-O $15 {Dautov}) 9...
Nbd7 {Giving up the pawn at c4, Black soon finds himself in an inferior
position.} ({Previous games almost exclusivlely saw} 9... b5 {and now one
should seek an improvement on White's play in the recent game Lputian,
S-Podgaets,M/Biel 1997/EXP 60, which ended by Black's victory after} 10. a4 (
10. Ne5 a6 11. a4 O-O 12. Be2 Bb7 13. O-O c6 14. Bxf6 gxf6 15. Nf3 Nd7 16. e4
Qc7 17. Rad1 Rfd8 18. Rfe1 Nf8 19. Bf1 Ng6 $15 {0-1 Sorokin,M-Sunye Neto,J/Sao
Paulo 1997/EXP 60 (48)}) 10... b4 11. Bxf6 gxf6 12. Nb1 Bxf3 13. gxf3 c5 14.
dxc5 $14 {according to Dautov} Nd7 15. Bxc4 Nxc5 16. Nd2 Rc8 17. Rg1 Qc7 18.
Ke2 f5 19. Bb5+ Kf8 20. Rac1 Rg8 21. Rxg8+ Kxg8 22. Qc4 Qxh2 23. Nb3 Rc7 24.
Qf4 Qxf4 25. exf4 Bd6 26. Nxc5 Rxc5 27. Bc4 Bxf4 28. Rg1+ Kf8 29. b3 {0-1}) 10.
Bxc4 h6 (10... O-O {does not allow Black to equalize, since White would start
exploiting his advantage in the center:} 11. e4 h6 12. Bh4 $14) 11. Bxf6 Bxf6
12. d5 $1 Bxc3+ 13. Qxc3 Bxd5 ({if} 13... exd5 {then} 14. Qxg7 Qf6 15. Qxf6
Nxf6 16. Ba6 $14) 14. Bxd5 exd5 15. Rd1 O-O (15... Nf6 16. Qc6+ Kf8 17. O-O $44
{and the compensation is more than sufficient.}) 16. Rxd5 Qc8 17. Qc6 Nc5 (
17... Nf6 {would not change the assesment of the position.}) 18. O-O Rd8 19.
Rfd1 Rxd5 20. Rxd5 Qe8 21. Nd4 {The most reliable way to preserve an advantage.
} (21. Qxc7 $5 {deserved an attention as well, for instance:} Rc8 22. Qe5 (22.
Qxa7 $143 Nd3 23. Nd2 Nf4 24. exf4 Rc1+ 25. Nf1 Qe2) 22... Qxe5 23. Nxe5 f6 24.
Ng6 Kf7 25. Nf4 g5 26. Ne2 Ne4 27. Rd7+ Kg6 28. g4 $1) 21... Qxc6 22. Nxc6 {
White's pieces are much more active.} a5 23. f3 Na4 24. Rd2 Re8 25. b3 Nc5 26.
b4 axb4 27. axb4 Na6 $2 ({After} 27... Ne6 28. Rd7 Ra8 29. f4 {[%csl Gc7]
Black's position would remain difficult, but the text loses immediately}) 28.
Ra2 Nxb4 (28... Nb8 29. Ra8 $18) (28... Re6 29. Nd4 $18) 29. Nxb4 Rxe3 30. Nd5
Re1+ 31. Kf2 Rc1 32. Ra7 Rc5 33. Nxc7 h5 34. h4 Kf8 35. Rb7 1-0

[Event "Ubeda"]
[Site "Ubeda"]
[Date "1997.02.19"]
[Round "10"]
[White "Lautier, Joel"]
[Black "Almasi, Zoltan"]
[Result "1/2-1/2"]
[WhiteElo "2630"]
[BlackElo "2595"]
[Annotator "Atlas,V"]
[PlyCount "57"]
[EventDate "1997.02.07"]
[EventType "tourn"]
[EventRounds "11"]
[EventCountry "ESP"]
[EventCategory "16"]
[SourceTitle "CBM 058"]
[Source "ChessBase"]
[SourceDate "1997.06.01"]
[SourceVersion "1"]
[SourceVersionDate "1997.06.01"]
[SourceQuality "1"]

1. d4 Nf6 2. c4 e6 3. Nf3 b6 4. Nc3 Bb7 5. a3 d5 6. Qc2 dxc4 7. e4 c5 8. d5
exd5 9. exd5 Bd6 10. Bxc4 Qe7+ 11. Be3 Ng4 12. O-O Nxe3 13. Qa4+ Nd7 14. Rfe1
O-O 15. Rxe3 Qd8 16. Bb5 Nf6 17. Bc6 Qc7 18. Rd1 {This line was explored in
CBM 53 which contains a good collection of the games on the variantion. The
text is a new try instead of the known 18.Ne4.} Rfd8 {According to Dautov,} (
18... Bxc6 {is wrong in view of} 19. dxc6 Bf4 20. Red3 Rac8 21. Nd5 Nxd5 22.
Rxd5 Bh6 23. Rd6 $16) 19. Red3 a6 {Threatening 20...b5.} 20. Ne4 Nxe4 21. Qxe4
h6 (21... Bxc6 22. dxc6 Rac8 {is not a remedy since Black cannot take on c6 in
view of Qc6 Rc6 Ne5. White can now advance at the Q-side by means of 23.b4!?
or try 23.h4. At the same time 23.Qf5 or ambitious 23.Ng5 lead nowhere as the
following variations show:} 23. Ng5 (23. Qf5 g6 $142 (23... Be7 24. Ne5 Bf6 25.
Rxd8+ Rxd8 26. Rxd8+ Bxd8 (26... Qxd8 27. Qd7 $1 $18)) 24. Qh3 (24. Qf6 Be7 25.
Qe5 Rxd3 26. Rxd3 Qxe5 27. Nxe5 f6 $17) 24... Be7 25. Rxd8+ Rxd8 26. Rxd8+ Bxd8
) 23... g6 (23... Bxh2+ $2 24. Kh1 Rxd3 25. Qxh7+ Kf8 26. Rxd3 $18) 24. Qh4 (
24. Ne6 $2 Qe7) 24... h5 25. Nxf7 (25. g4 Qxc6 26. gxh5 Be7 $15) (25. Ne4 $2
Be7) 25... Kxf7 (25... Bxh2+ $6 26. Qxh2 Rxd3 27. Rxd3 Qxh2+ 28. Kxh2 Kxf7 29.
Rd6 g5 (29... Rc7 30. f4 $16) 30. Kg3 $16 {/\f4}) 26. Rxd6 Qxd6 (26... Rxd6 27.
Qf4+ Rf6 (27... Ke7 $2 28. Qe5+ Re6 29. Rd7+ Qxd7 30. Qg7+ $18) 28. Rd7+ Qxd7
29. cxd7 Rd8 $15) 27. Rxd6 Rxd6 28. Qf4+ Rf6 29. Qc4+ Re6 30. h4 a5 31. c7 $15)
22. Nh4 Bxh2+ 23. Kh1 Bd6 24. Nf5 {[#]} g6 $1 {The safest way.} (24... Bxc6 $2
25. dxc6 Bf8 26. Rd7 Rxd7 27. Rxd7 $1 Qc8 28. Qd5 Qe8 29. c7 Rc8 30. Rd8 Qe1+
31. Kh2 Rxc7 32. Qd6 $18) (24... Bf8 {leads after} 25. d6 $5 Qxc6 26. Nxh6+ {
to a draw:} Kh8 $1 (26... gxh6 $2 27. Rg3+ Bg7 28. Qg4 {and Black should give
the Queen:} Qxg2+ (28... Kf8 29. Qxg7+ Ke8 30. Qe5+ Kd7 31. Qf5+ $18) 29. Rxg2
Bxg2+ 30. Qxg2 $16) 27. Nxf7+ Kg8 28. Nh6+ Kh8 (28... gxh6 $2 29. Rg3+ Bg7 30.
Qe7) 29. Nf7+ Kg8 $11) 25. Nxd6 (25. Nxh6+ Kg7 26. Rh3 Rh8 {and Black is
better.}) 25... Rxd6 26. Bxb7 Qxb7 27. Qf4 Rad8 28. Qxh6 Qe7 (28... Rxd5 $4 29.
Rh3 $1 Rxd1+ 30. Kh2 Qb8+ 31. f4 $18) 29. Re3 {and a draw was agreed. After 29.
..Qf6 30.Rde1 is possible, whereas 29...g5 can be met by 30. Qh5.} 1/2-1/2

[Event "Kavala op 12th"]
[Site "Kavala"]
[Date "2003.08.14"]
[Round "8"]
[White "Avrukh, Boris"]
[Black "Skembris, Spyridon"]
[Result "1-0"]
[WhiteElo "2557"]
[BlackElo "2443"]
[Annotator "Avrukh,B"]
[PlyCount "103"]
[EventDate "2003.08.08"]
[EventType "swiss"]
[EventRounds "9"]
[EventCountry "GRE"]
[SourceTitle "CBM 095 Extra"]
[Source "ChessBase"]
[SourceDate "2003.09.04"]
[SourceVersion "1"]
[SourceVersionDate "2003.09.04"]
[SourceQuality "1"]

1. d4 Nf6 2. c4 e6 3. Nf3 b6 4. Nc3 Bb7 5. a3 Be7 $6 {I do not believe, that
black can solve his opening problems in this way.} 6. d5 $1 {Of course!
Gaining a lot of space in the center.} O-O ({After} 6... exd5 7. cxd5 O-O 8. e4
Re8 9. Bd3 {white is clearly better}) 7. e4 d6 8. Be2 c5 9. O-O e5 10. Ne1 {
[%cal Ge1d3]} Bc8 $146 {A new move, which doesn't change the assessment of
this line, which clearly favours white.} (10... Nbd7 11. Nd3 Ne8 12. g3 Bf6 13.
Be3 Ba6 14. b3 g6 15. Qd2 Bg7 16. Rae1 f5 17. f4 $16 {1-0 Leitao,R-Ramos,E/Sao
Paulo 2000/CBM 76 ext (53)}) 11. Nd3 Ne8 {[%cal Ge7g5]} 12. b4 {[%cal Ge7g5]} (
12. f4 {gives to black a clear play after} exf4 13. Bxf4 Nd7 {[%csl Ge5]} {
though white is slightly better after} 14. e5 $1 (14. Qe1 $143 Bf6 15. Qg3 Qe7
$132) 14... dxe5 15. Nxe5 Nxe5 16. Bxe5 Bd6 17. Bxd6 Nxd6 18. Qd2 $14 {[%csl
Gd5]}) 12... Nd7 13. Rb1 Bg5 14. Bxg5 Qxg5 15. Qa4 $1 {[%csl Gc6] The weakness
of c6-square makes a huge difference, since white is threatening in any moment
to penetrate with his queen to c6.} Ndf6 (15... g6 $5 {[%cal Gf7f5]} 16. Rb2 {
[%csl Gd2]} (16. Qc6 Rb8 17. Rb2 {[%csl Gd2]} (17. Nb5 $2 Ndf6 {[%csl Gc6]
[%cal Gc8d7]}) 17... f5 18. exf5 gxf5 $132 19. f4 $140 exf4 20. Nxf4 b5 $3 $17
{[%csl Rc6]}) (16. bxc5 $140 Nxc5 17. Nxc5 dxc5 18. Rxb6 Bd7 $1) 16... f5 17.
bxc5 Nxc5 (17... dxc5 $2 18. Qc6 Rb8 19. Qe6+ {[%cal Gd3e5]}) 18. Nxc5 dxc5 19.
Qc6 (19. Rxb6 Bd7 20. Rxg6+ (20. Qa5 axb6 21. Qxa8 Qd2 $17 {[%csl Gc3,Ge2]})
20... Qxg6 21. Qxd7 fxe4 $13) 19... Rb8 20. Rd1 $16 {[%cal Gd5d6]}) 16. bxc5
bxc5 {A small victory for white, as he manged to open b-file.} (16... dxc5 $143
$2 17. f4 $1 exf4 18. e5 Nd7 19. Ne4 Qe7 20. d6 Qe6 21. Bf3 {[%csl Ga8]} Nxe5
22. Nxe5 Qxe5 23. Nf2 {[%csl Ga8]} Rb8 24. d7 $18) 17. Qc6 ({Doesn't work} 17.
f4 exf4 18. Qc6 (18. h4 Qg3 19. Rf3 Bd7 $1 $13) 18... Bh3 19. Nxf4 Rc8 20. Qa6
(20. Nxh3 $140 $4 Qe3+ {and black wins}) 20... Rc7 $13) 17... Bh3 $8 18. Bf3
Rc8 (18... Rd8 19. Qa6 Bg4 20. Bxg4 Nxg4 {[%cal Gg5d2]} 21. Qa5 Rd7 22. h3 Ngf6
23. Rb8 $16) 19. Qa6 Rc7 (19... Qd2 20. Rbc1 $1 Qxd3 $140 21. Rfd1 {[%csl Rd3]}
Nc7 22. Qb7 Qxc4 23. Be2 $18) 20. Rfd1 Bc8 {[%cal Gc8a6]} 21. Qa5 a6 22. Rb6 {
[%csl Gd6]} h5 $2 {[%cal Ga5c7]} (22... Ra7 23. Nb5 $1 Rd7 24. Rb8 {[%csl Gc8]}
axb5 25. Rxc8 bxc4 26. Nb2 $16) (22... Re7 23. Rdb1 h5 24. Kh1 $1 {A necessary
prophylaxis, otherwise black will get counterplay.} h4 25. h3 {Stoping all
black ideas on the kingside and switching all the play to queenside.}) 23. Rxd6
$1 {Not very complicated, but well calculated tactical blow.} Nxd6 24. Qxc7
Nxc4 25. h4 $1 {Very important intermediate move} (25. Qxc5 Nd2 26. Nxe5 Nd7
27. Nxd7 Nxf3+ 28. Kh1 Bxd7 29. gxf3 Rc8 30. Qd4 Qf4 31. Qd3 {[%cal Gc3e2]} Qd6
{[%csl Ga3] and black has some counterplay}) 25... Qh6 26. Qxc5 Nd2 {[%csl Gf3]
} 27. Nxe5 Nd7 28. Nxd7 Nxf3+ 29. gxf3 $18 Bxd7 30. Qe7 {[%csl Gg5]} Bh3 31.
Qg5 {A time-trouble error,which complicates the game a little bit.} ({more
accurate was:} 31. Ne2 $1 Qb6 32. Nf4 Bc8 33. d6 {and white wins easily}) 31...
Qd6 $1 {[%cal Gd6a3]} 32. e5 $1 Qxa3 33. Ne4 Qxf3 34. Nf6+ Kh8 35. Rd3 $1 Qg2+
(35... Qf5 36. Rxh3 Qxg5+ 37. hxg5 gxf6 38. gxf6 $18) 36. Qxg2 Bxg2 37. Nxh5
Be4 38. Rd4 Bf3 (38... Bc2 39. Nf4 a5 40. e6 fxe6 41. Nxe6 Ra8 42. d6) 39. Nf4
Rd8 40. Kh2 {[%cal Gh2g3]} Bg4 41. d6 Bd7 42. Rc4 $1 {[%cal Gc4c7] Decisive
manoeuvre, white's rook enters the 7rank, where he easily will stop black's
a-pawn and white's knight will decide the game.} Rc8 (42... a5 {was a better
try, but after} 43. Rc7 Kg8 44. Ra7 a4 45. Nd5 Kf8 46. Nb6 $18 {white wins the
a-pawn.}) 43. Rxc8+ Bxc8 44. Nd5 {[%cal Gd5b6] Of course black could have
resighned here, but my opponent decided to make a few moves.} Kh7 45. Nb6 Be6
46. d7 Bxd7 47. Nxd7 Kg6 48. Kg3 Kf5 49. f4 a5 50. Nc5 g6 51. Kf3 f6 52. e6 1-0

[Event "Bundesliga 0506"]
[Site "Germany"]
[Date "2005.10.23"]
[Round "2.4"]
[White "Babula, Vlastimil"]
[Black "Johannessen, Leif Erlend"]
[Result "1-0"]
[WhiteElo "2593"]
[BlackElo "2564"]
[Annotator "Babula,V"]
[PlyCount "61"]
[EventDate "2005.10.21"]
[EventType "team-tourn"]
[EventRounds "15"]
[EventCountry "GER"]
[SourceTitle "CBM 110"]
[Source "ChessBase"]
[SourceDate "2006.01.31"]
[SourceVersion "1"]
[SourceVersionDate "2006.01.31"]
[SourceQuality "1"]
[WhiteTeam "Werder Bremen"]
[BlackTeam "Wattenscheid"]
[WhiteTeamCountry "GER"]
[BlackTeamCountry "GER"]

1. d4 Nf6 2. c4 e6 3. Nf3 b6 4. a3 Bb7 5. Nc3 d5 6. cxd5 Nxd5 7. e3 {
Kasparov's old love.} g6 8. Bb5+ c6 9. Bc4 $5 ({More usual is} 9. Bd3) 9... Bg7
10. O-O O-O 11. e4 Nxc3 12. bxc3 c5 13. Bg5 {I played this line with Black one
week ago and as I had some difficulties to equalize I decided to try it with
White also.} Qc7 $6 ({In my game with Black I decided for} 13... Qc8) ({
, but perhaps the best is} 13... Qd6) 14. d5 $1 $36 {Diagramm [#] That's the
idea, now Black has problems to block well White's passed pawn d5.} exd5 (14...
Bxc3 $6 15. dxe6 fxe6 16. Rc1 Bg7 17. Nd4 $1) 15. exd5 Ba6 {Black had a
difficult choice.} ({After} 15... Bxc3 {I wanted to continue} 16. Rc1 Bg7 17.
Re1 $1 {, for example} ({But not} 17. d6 $6 Qc6 18. Be7 Nd7 $13 {as White
opens for nothing the diagonal h1-a8 for Black's bishop b7, more over after
winning an exchange White's pawn d6 could be weak.}) 17... Nd7 18. Be7 Rfe8 $6
19. d6 $1 Qc6 20. Qb3) ({Very dangerous is} 15... Nd7 16. Be7 Rfe8 17. d6 Qc6
18. Qe2 $5) 16. d6 ({I didn't like} 16. Bxa6 Nxa6 17. Qa4 $6 {due to} Qb7)
16... Qd7 17. Bxa6 Nxa6 18. Re1 $1 {White continues in the energetic play.} c4
$5 {Black strives to activate his passive knight.} ({Very risky is} 18... Bxc3
$6 19. Re7 Qf5 20. Rc1 {, for example} Bf6 21. Bxf6 Qxf6 22. Ne5 $5 Rfd8 23.
Ng4 $1) 19. Qd5 $5 Nc5 $2 {Mistake,} ({now deserved attention} 19... Bxc3 $142
$5 20. Re7 Qf5 21. Qxf5 gxf5 22. Rc1 Bb2 23. Rxc4 Bxa3 24. Bf4 $5 $14 (24. Ra4
$2 Bxd6)) 20. Re7 $2 {Mistake as well,} ({better was simple} 20. Be7 $142 $16 {
and} Bxc3 $6 {doesn't work due to} 21. Bxf8 Rxf8 (21... Bxe1 22. Qxa8) 22. Re7)
20... Qf5 21. Qxc4 $6 {Taking the pawn, but losing whole advantage.} ({White
is still slightly better after} 21. Qxf5 $142 gxf5 22. Rc7 $5 $14) 21... Ne6
22. Be3 (22. Qh4 $6 h6 $1) 22... Rfd8 $1 {I didn't see this simple idea. Now I
was looking for my advantage till I found something...} ({I calculated only
with} 22... Rac8 $6 {, where White keeps edge, for example} 23. Qa6 Rxc3 24.
Rd1 $14) 23. Rd1 $6 (23. Nd4 Bxd4 24. cxd4 Rxd6 $11) 23... Bf8 24. Rxe6 {
That it is.} Qxe6 $4 {Terrible blunder.} ({After} 24... fxe6 $2 25. d7 $14 {
White is better due to the strong passed pawn d7,}) ({but we both overlooked
"zwischenzug"} 24... Rac8 $1 {Probably the best is then} 25. Qxc8 ({Due to a
weak first rank doesn't work} 25. Qh4 $2 fxe6 26. d7 Rxd7 $1) 25... Rxc8 26.
Re5 Qd7 27. Red5 $15 {and White should keep the game as his passed pawn d6 is
very unpleasant.}) 25. Qxe6 fxe6 26. d7 {And Black is in the difficult
position again, he can't prevent White's knight to come.} Be7 $6 {It loses as
well as} (26... Bxa3 $6 27. Bg5 $18) ({and} 26... Kf7 $6 27. Ng5+ $1 Ke7 28.
Nxh7 $18) ({The only chance was} 26... h6 $142 27. Ne5 Rac8 $1 28. Bxh6 $1 Bxh6
29. dxc8=Q Rxc8 $16) 27. Ne5 $18 Bf6 28. Nc6 Kf7 29. c4 Be7 (29... e5 30. c5)
30. Bf4 $2 {White again gives Black chances to escape.} ({Correct was} 30. Nxe7
$1 Kxe7 31. Bg5+ Kf7 32. f4 $18 {White simply activates his king and wins,
Black can't do anything, for example} e5 (32... h6 33. Bxh6) 33. fxe5 Ke6 34.
Rd6+ $1 Kxe5 35. Be7 $1) 30... Rg8 $2 {The final mistake.} ({Good chances for
draw yielded} 30... e5 $142 $1 31. Bxe5 Ke6 $14 {, for example} 32. Nxd8+ Rxd8
33. Bb2 Bd6 {preventing exchange the rooks.}) 31. Nxe7 (31. Nxe7 Kxe7 32. Bg5+
$18) 1-0